[Event "España tch ONCE 2009"]
[Site "Fuengirola ESP"]
[Date "2009.11.24"]
[Round "3.14"]
[White "Rincon Martin, Santiago"]
[Black "Ariste Justo, Jesus Angel"]
[Result "1/2-1/2"]
[WhiteElo "1749"]
[BlackElo "1882"]
[PlyCount "44"]
[EventDate "2009.11.22"]
[EventType "team-simul"]
[EventRounds "7"]
[EventCountry "ESP"]
[Source "lmi"]
[SourceDate "2009.11.22"]

1. d4 d5 2. c4 c6 3. Nf3 Nf6 4. Nc3 e6 5. cxd5 exd5 6. Bg5 Be7 7. Qc2 Nbd7 8.
e3 O-O 9. Bd3 Re8 10. O-O Nf8 11. h3 g6 12. Ne5 Ne6 13. Bh4 Ng7 14. f4 Bf5 15.
Rae1 Bxd3 16. Qxd3 Nd7 17. Bxe7 Rxe7 18. g4 Qc7 19. Ne2 f6 20. Nxd7 Qxd7 21.
Kh2 f5 22. g5 Nh5 1/2-1/2

[Event "España tch ONCE 2009"]
[Site "Fuengirola ESP"]
[Date "2009.11.24"]
[Round "3.21"]
[White "Huerga Tirados, Angel"]
[Black "Mora Mañez, Julio"]
[Result "1/2-1/2"]
[WhiteElo "1938"]
[BlackElo "2036"]
[PlyCount "47"]
[EventDate "2009.11.22"]
[EventType "team-simul"]
[EventRounds "7"]
[EventCountry "ESP"]
[Source "lmi"]
[SourceDate "2009.11.22"]

1. d4 Nf6 2. Nf3 g6 3. b3 Bg7 4. Bb2 d6 5. g3 O-O 6. Bg2 Nbd7 7. O-O e5 8. dxe5
Ng4 9. Nbd2 Ndxe5 10. Nxe5 Nxe5 11. Rb1 Re8 12. f4 Ng4 13. Bxg7 Kxg7 14. Re1
Ne3 15. Qc1 d5 16. Bf3 Bf5 17. Rb2 c6 18. c4 Rc8 19. Nf1 d4 20. Nxe3 dxe3 21.
b4 Qe7 22. b5 cxb5 23. Rxb5 b6 24. Re5 1/2-1/2

[Event "España tch ONCE 2009"]
[Site "Fuengirola ESP"]
[Date "2009.11.24"]
[Round "3.22"]
[White "Monmeneu Chulia, Vicente Juan"]
[Black "Garcia Magadan, Ramon"]
[Result "1-0"]
[WhiteElo "1956"]
[BlackElo "2013"]
[PlyCount "87"]
[EventDate "2009.11.22"]
[EventType "team-simul"]
[EventRounds "7"]
[EventCountry "ESP"]
[Source "lmi"]
[SourceDate "2009.11.22"]

1. c4 Nf6 2. d4 e6 3. Nc3 d5 4. cxd5 exd5 5. Bg5 c6 6. e3 Be7 7. Qc2 Na6 8. a3
Nc7 9. Bd3 Ne6 10. Bh4 g6 11. Nf3 Ng7 12. Ne5 O-O 13. h3 Bf5 14. Bxf5 Nxf5 15.
Bg5 Nd7 16. Bf4 Nxe5 17. Bxe5 Bd6 18. Bxd6 Nxd6 19. O-O Qg5 20. b4 Rfc8 21. Qd1
b5 22. Qb3 Nc4 23. Rfe1 a5 24. Qc2 f5 25. Ne2 Ra7 26. Nf4 Rca8 27. Nd3 Qf6 28.
Qc3 axb4 29. axb4 Ra3 30. Rxa3 Rxa3 31. Qc2 Qf8 32. Nc5 Qa8 33. Re2 Ra1+ 34.
Kh2 Qa3 35. Nd3 Rf1 36. f3 Qa7 37. e4 dxe4 38. fxe4 Qxd4 39. exf5 Qd6+ 40. g3
Qd5 41. Nf2 Ne5 42. Ne4 Nf3+ 43. Kg2 Ne1+ 44. Kxf1 1-0

[Event "España tch ONCE 2009"]
[Site "Fuengirola ESP"]
[Date "2009.11.24"]
[Round "3.23"]
[White "Menendez Solar, Jose Carlos"]
[Black "Espadiña Solano, Jaime"]
[Result "1-0"]
[WhiteElo "1844"]
[BlackElo "1879"]
[PlyCount "57"]
[EventDate "2009.11.22"]
[EventType "team-simul"]
[EventRounds "7"]
[EventCountry "ESP"]
[Source "lmi"]
[SourceDate "2009.11.22"]

1. e4 c5 2. Nf3 d6 3. d4 cxd4 4. Nxd4 Nf6 5. Nc3 g6 6. f3 Bg7 7. Be3 Nc6 8. Bc4
O-O 9. Qd2 Bd7 10. O-O-O Rc8 11. Bb3 Ne5 12. h4 Nc4 13. Bxc4 Rxc4 14. h5 Nxh5
15. g4 Nf6 16. Bh6 Bxh6 17. Rxh6 Kg7 18. Rdh1 Rh8 19. Nd5 Ng8 20. Nf5+ Bxf5 21.
exf5 Nxh6 22. Qxh6+ Kg8 23. Re1 f6 24. Nxe7+ Kf7 25. fxg6+ hxg6 26. Qxg6+ Kf8
27. Qxf6+ Ke8 28. Nc6+ Kd7 29. Nxd8 1-0

[Event "España tch ONCE 2009"]
[Site "Fuengirola ESP"]
[Date "2009.11.24"]
[Round "3.24"]
[White "Parreño Cueto, Andres"]
[Black "Fernandez Rubio, Ulpiano"]
[Result "1/2-1/2"]
[WhiteElo "1790"]
[BlackElo "1761"]
[PlyCount "95"]
[EventDate "2009.11.22"]
[EventType "team-simul"]
[EventRounds "7"]
[EventCountry "ESP"]
[Source "lmi"]
[SourceDate "2009.11.22"]

1. d4 f5 2. c4 Nf6 3. Nf3 e6 4. g3 Be7 5. Bg2 c6 6. Nc3 d5 7. O-O O-O 8. a3 a5
9. Bg5 Na6 10. Rc1 Nc7 11. Na4 Nce8 12. cxd5 exd5 13. Qb3 Nd6 14. Nb6 Rb8 15.
Nxc8 Qxc8 16. Ne5 Qe6 17. Nd3 Nb5 18. Be3 a4 19. Qc2 h6 20. Nf4 Qd7 21. Ng6
Rfe8 22. Nxe7+ Rxe7 23. Qd3 Ne4 24. f3 Ned6 25. Bd2 Nc4 26. Rf2 Qe6 27. e4 fxe4
28. fxe4 dxe4 29. Bxe4 Qxe4 30. Qxc4+ Qe6 31. Qxe6+ Rxe6 32. Rcf1 Rbe8 33. Rf7
R6e7 34. R7f4 Nc7 35. Bb4 Rd7 36. Rf8+ Rxf8 37. Rxf8+ Kh7 38. Bc3 Ne6 39. Rb8
Kg6 40. Kf2 Kf5 41. h3 Ke4 42. Re8 Kd5 43. Ke3 Rc7 44. Ra8 b5 45. Be1 Rd7 46.
Bc3 Rc7 47. Be1 Rd7 48. Bc3 1/2-1/2

[Event "España tch ONCE 2009"]
[Site "Fuengirola ESP"]
[Date "2009.11.24"]
[Round "3.31"]
[White "Moreno Campillo, Ricardo"]
[Black "Quintero Hernandez, Luis Jose"]
[Result "0-1"]
[WhiteElo "1653"]
[BlackElo "1734"]
[PlyCount "64"]
[EventDate "2009.11.22"]
[EventType "team-simul"]
[EventRounds "7"]
[EventCountry "ESP"]
[Source "lmi"]
[SourceDate "2009.11.22"]

1. e4 d5 2. exd5 Qxd5 3. Nc3 Qd6 4. d4 Nf6 5. Nf3 a6 6. Be2 Nc6 7. O-O Bg4 8.
Be3 O-O-O 9. a3 Bxf3 10. Bxf3 Nxd4 11. Bxd4 Qxd4 12. Qe2 Qd2 13. Rad1 Qxe2 14.
Rxd8+ Kxd8 15. Nxe2 c6 16. Rd1+ Kc7 17. c4 e6 18. b4 Be7 19. c5 Nd5 20. Nd4 Bf6
21. Kf1 Rd8 22. Nc2 b6 23. a4 bxc5 24. Bxd5 Rxd5 25. Rb1 Be7 26. b5 cxb5 27.
axb5 a5 28. Ne3 Rd4 29. Nc2 Rc4 30. b6+ Kb7 31. Na3 Rb4 32. Rc1 Rxb6 0-1

[Event "España tch ONCE 2009"]
[Site "Fuengirola ESP"]
[Date "2009.11.24"]
[Round "3.41"]
[White "Lococo Cobo, Nicola"]
[Black "Aguilar Sevilla, Diego"]
[Result "0-1"]
[WhiteElo "2074"]
[BlackElo "2099"]
[PlyCount "74"]
[EventDate "2009.11.22"]
[EventType "team-simul"]
[EventRounds "7"]
[EventCountry "ESP"]
[Source "lmi"]
[SourceDate "2009.11.22"]

1. d4 Nf6 2. Bg5 d5 3. e3 c5 4. c3 Nc6 5. Nd2 e6 6. f4 Be7 7. Ngf3 Qc7 8. Bd3
h6 9. Bh4 cxd4 10. cxd4 Nb4 11. Qe2 Nxd3+ 12. Qxd3 Bd7 13. O-O Qb6 14. Qb3 Qxb3
15. Nxb3 Ne4 16. Bxe7 Kxe7 17. Rfe1 b6 18. h3 Nf6 19. Nbd2 Rhc8 20. Rec1 Ne8
21. Kf2 Nd6 22. Ng1 Nc4 23. Nxc4 dxc4 24. Ne2 b5 25. b3 cxb3 26. axb3 Rxc1 27.
Nxc1 a5 28. Nd3 a4 29. bxa4 bxa4 30. Nc5 a3 31. Nxd7 Kxd7 32. Ke2 a2 33. g4 Kc6
34. Kd3 Kb5 35. Ke4 Kb4 36. f5 Ra5 37. d5 exd5+ 0-1

[Event "España tch ONCE 2009"]
[Site "Fuengirola ESP"]
[Date "2009.11.24"]
[Round "3.42"]
[White "Vilageliu Ceballos, Josep M"]
[Black "Saez Gabicagogeascoa, Oscar"]
[Result "0-1"]
[WhiteElo "2093"]
[BlackElo "1966"]
[PlyCount "57"]
[EventDate "2009.11.22"]
[EventType "team-simul"]
[EventRounds "7"]
[EventCountry "ESP"]
[Source "lmi"]
[SourceDate "2009.11.22"]

1. c4 Nf6 2. Nc3 c5 3. Nf3 Nc6 4. g3 d5 5. cxd5 Nxd5 6. Bg2 Nc7 7. O-O e5 8. d3
Be7 9. Bd2 O-O 10. Rc1 Be6 11. b3 f6 12. Na4 b6 13. Nc3 Qd7 14. Re1 Rad8 15.
Qc2 Bg4 16. Be3 Rc8 17. Rcd1 Rfd8 18. Qc1 Nd4 19. Qb2 Nxf3+ 20. exf3 Bh5 21.
Rd2 Ne6 22. Ne2 Nd4 23. Bxd4 cxd4 24. Rc1 Rxc1+ 25. Qxc1 Rc8 26. Rc2 Rc5 27.
Rxc5 Bxc5 28. Qc2 f5 29. h3 0-1

[Event "España tch ONCE 2009"]
[Site "Fuengirola ESP"]
[Date "2009.11.24"]
[Round "3.43"]
[White "Redondo Maguregui, Juan Manuel"]
[Black "Pimienta Sanchez, Manuel"]
[Result "0-1"]
[WhiteElo "1628"]
[BlackElo "1892"]
[PlyCount "74"]
[EventDate "2009.11.22"]
[EventType "team-simul"]
[EventRounds "7"]
[EventCountry "ESP"]
[Source "lmi"]
[SourceDate "2009.11.22"]

1. c4 f5 2. g3 Nf6 3. Bg2 e6 4. Nc3 d5 5. cxd5 exd5 6. e3 c6 7. Nf3 Nbd7 8. d4
Ne4 9. O-O Ndf6 10. Nd2 Be7 11. f3 Nd6 12. b3 O-O 13. Bb2 Be6 14. Qc2 Bf7 15.
Rae1 Bg6 16. Qd1 Qc7 17. Re2 Rae8 18. Qe1 Bd8 19. Ba3 Rf7 20. Qc1 Rfe7 21. Rfe1
Re6 22. Bb4 a5 23. Bc5 b6 24. Ba3 Nb7 25. b4 axb4 26. Bxb4 c5 27. dxc5 bxc5 28.
Ba3 Qd7 29. Nb3 Bb6 30. Rd1 d4 31. Kh1 Qc8 32. Nb5 Rxe3 33. Rxe3 Rxe3 34. N5xd4
Qe8 35. Bxc5 Bxc5 36. f4 Bxd4 37. Bxb7 Qb5 0-1

[Event "España tch ONCE 2009"]
[Site "Fuengirola ESP"]
[Date "2009.11.24"]
[Round "3.44"]
[White "Canals Recasen, Francesc"]
[Black "Berdasco Revilla, Carmelo"]
[Result "1/2-1/2"]
[WhiteElo "1918"]
[BlackElo "1634"]
[PlyCount "65"]
[EventDate "2009.11.22"]
[EventType "team-simul"]
[EventRounds "7"]
[EventCountry "ESP"]
[Source "lmi"]
[SourceDate "2009.11.22"]

1. d4 Nf6 2. Nf3 e6 3. c4 b6 4. a3 Be7 5. Nc3 O-O 6. d5 Bb7 7. e4 exd5 8. exd5
Re8 9. Be2 h6 10. O-O Bd6 11. Nb5 Bf8 12. Bf4 d6 13. h3 Nbd7 14. Re1 Be7 15.
Bd3 a6 16. Nbd4 Nf8 17. Nf5 Ng6 18. Bh2 Nh7 19. Nxe7+ Nxe7 20. Nd4 Nf6 21. Bf4
Ng6 22. Bxg6 fxg6 23. Qd3 Kh7 24. Nc6 Qd7 25. Nd4 Qf7 26. Be3 Rf8 27. Ne6 Rfe8
28. Nf4 Bc8 29. Bd2 Bf5 30. Qd4 g5 31. Nd3 Rac8 32. Rac1 Nd7 33. Be3 1/2-1/2

[Event "España tch ONCE 2009"]
[Site "Fuengirola ESP"]
[Date "2009.11.25"]
[Round "4.11"]
[White "Mejias Gonzalez, Javier"]
[Black "Aguilar Sevilla, Diego"]
[Result "1/2-1/2"]
[WhiteElo "1952"]
[BlackElo "2099"]
[PlyCount "81"]
[EventDate "2009.11.22"]
[EventType "team-simul"]
[EventRounds "7"]
[EventCountry "ESP"]
[Source "lmi"]
[SourceDate "2009.11.22"]

1. e4 d6 2. g3 Nf6 3. Bg2 g6 4. d3 Bg7 5. f4 c5 6. c3 Nc6 7. Nf3 O-O 8. O-O Rb8
9. Nbd2 b5 10. Re1 b4 11. d4 bxc3 12. bxc3 cxd4 13. cxd4 Nb4 14. Nb3 Ba6 15.
Ba3 Qb6 16. Bxb4 Qxb4 17. Qd2 Rfc8 18. Qxb4 Rxb4 19. Nfd2 Ne8 20. e5 Nc7 21.
Bh3 Rd8 22. Rac1 Nd5 23. Bg2 dxe5 24. dxe5 Ra4 25. Rc5 e6 26. Ra5 Rxa5 27. Nxa5
Rc8 28. Nab3 Rc2 29. Rc1 Rxa2 30. Bxd5 exd5 31. Rc5 d4 32. Rc7 Be2 33. Rc8+ Bf8
34. Ne4 d3 35. Nbd2 Kg7 36. Rc7 Rc2 37. Rxa7 Rxd2 38. e6 Rd1+ 39. Kf2 d2 40.
Rxf7+ Kh6 41. Kxe2 1/2-1/2

[Event "España tch ONCE 2009"]
[Site "Fuengirola ESP"]
[Date "2009.11.25"]
[Round "4.12"]
[White "Vilageliu Ceballos, Josep M"]
[Black "Garcia Cervigon, Cecilio"]
[Result "0-1"]
[WhiteElo "2093"]
[BlackElo "1861"]
[PlyCount "84"]
[EventDate "2009.11.22"]
[EventType "team-simul"]
[EventRounds "7"]
[EventCountry "ESP"]
[Source "lmi"]
[SourceDate "2009.11.22"]

1. c4 f5 2. Nc3 Nf6 3. d4 d6 4. g3 c6 5. Bg2 Qc7 6. e3 e5 7. Nge2 e4 8. O-O Be6
9. b3 d5 10. cxd5 cxd5 11. Bd2 Nc6 12. Nf4 Bf7 13. h4 a6 14. f3 Bd6 15. fxe4
fxe4 16. Rc1 Bxf4 17. gxf4 O-O 18. Bh3 Qe7 19. Qe1 Nb4 20. Qg3 Nd3 21. Rc2 Nb4
22. Rcc1 Nd3 23. Rb1 Rad8 24. Ne2 Rd6 25. Nc1 Nh5 26. Qh2 Rg6+ 27. Bg2 Ng3 28.
Rd1 Nxc1 29. Bxc1 Rg4 30. Bd2 Ne2+ 31. Kf1 Rxh4 32. Bh3 Bh5 33. Be1 Nxf4 34.
exf4 Rhxf4+ 35. Kg1 Qg5+ 36. Qg3 Qf6 37. Rdc1 Qxd4+ 38. Kg2 Rf3 39. Be6+ Kh8
40. Qh4 Rf1 41. Qh2 Rxe1 42. Rxe1 Qf2+ 0-1

[Event "España tch ONCE 2009"]
[Site "Fuengirola ESP"]
[Date "2009.11.25"]
[Round "4.13"]
[White "Garcia Cervigon, Juan Pablo"]
[Black "Pimienta Sanchez, Manuel"]
[Result "0-1"]
[WhiteElo "1818"]
[BlackElo "1892"]
[PlyCount "28"]
[EventDate "2009.11.22"]
[EventType "team-simul"]
[EventRounds "7"]
[EventCountry "ESP"]
[Source "lmi"]
[SourceDate "2009.11.22"]

1. d4 Nf6 2. c4 g6 3. Nc3 Bg7 4. e4 d6 5. f3 Nfd7 6. Be3 c5 7. Nge2 Nc6 8. Qd2
Nb4 9. a3 Nc6 10. O-O-O Na5 11. Qd3 b6 12. Ng3 cxd4 13. Bxd4 Bxd4 14. Qxd4 Nb3+
0-1

[Event "España tch ONCE 2009"]
[Site "Fuengirola ESP"]
[Date "2009.11.25"]
[Round "4.14"]
[White "Canals Recasen, Francesc"]
[Black "Rincon Martin, Santiago"]
[Result "1-0"]
[WhiteElo "1918"]
[BlackElo "1749"]
[PlyCount "25"]
[EventDate "2009.11.22"]
[EventType "team-simul"]
[EventRounds "7"]
[EventCountry "ESP"]
[Source "lmi"]
[SourceDate "2009.11.22"]

1. d4 f5 2. g3 Nf6 3. Bg2 c6 4. Nf3 Qc7 5. O-O e5 6. Nc3 e4 7. Ng5 h6 8. Nh3 g5
9. f3 exf3 10. exf3 Bg7 11. Re1+ Kf7 12. f4 g4 13. Nf2 1-0

[Event "España tch ONCE 2009"]
[Site "Fuengirola ESP"]
[Date "2009.11.25"]
[Round "4.21"]
[White "Quintero Hernandez, Luis Jose"]
[Black "Lococo Cobo, Nicola"]
[Result "0-1"]
[WhiteElo "1734"]
[BlackElo "2074"]
[PlyCount "52"]
[EventDate "2009.11.22"]
[EventType "team-simul"]
[EventRounds "7"]
[EventCountry "ESP"]
[Source "lmi"]
[SourceDate "2009.11.22"]

1. d4 e6 2. e4 d5 3. Nc3 Bb4 4. exd5 exd5 5. Bd3 Nf6 6. Bg5 O-O 7. Nge2 Bg4 8.
f3 Bh5 9. Qd2 c6 10. a3 Bd6 11. O-O-O b5 12. g4 Bg6 13. h4 Bxd3 14. Qxd3 a5 15.
h5 Nbd7 16. Nf4 h6 17. Ne6 fxe6 18. Bxh6 Qe7 19. Bg5 Bxa3 20. h6 Rf7 21. Rh3
Bxb2+ 22. Kxb2 Qb4+ 23. Kc1 Qa3+ 24. Kb1 b4 25. Rdh1 bxc3 26. Bc1 Rb8+ 0-1

[Event "España tch ONCE 2009"]
[Site "Fuengirola ESP"]
[Date "2009.11.25"]
[Round "4.22"]
[White "Saez Gabicagogeascoa, Oscar"]
[Black "Carrazzoni Roman, Carlos"]
[Result "1-0"]
[WhiteElo "1966"]
[BlackElo "1750"]
[PlyCount "51"]
[EventDate "2009.11.22"]
[EventType "team-simul"]
[EventRounds "7"]
[EventCountry "ESP"]
[Source "lmi"]
[SourceDate "2009.11.22"]

1. e4 c6 2. Nf3 d5 3. exd5 cxd5 4. Ne5 Nf6 5. d4 Nc6 6. Bb5 Qb6 7. c4 dxc4 8.
Nc3 e6 9. Nxc4 Qc7 10. Qf3 Nd5 11. O-O Be7 12. Nxd5 exd5 13. Bf4 Qd8 14. Ne5
Bd7 15. Nxf7 Nxd4 16. Qxd5 Bxb5 17. Nxd8 Rxd8 18. Qh5+ g6 19. Qe5 Kf7 20. Rfe1
Bf6 21. Qc7+ Rd7 22. Qc5 b6 23. Qa3 Be7 24. Qh3 Bf6 25. Be5 Nf5 26. Qb3+ 1-0

[Event "España tch ONCE 2009"]
[Site "Fuengirola ESP"]
[Date "2009.11.25"]
[Round "4.24"]
[White "Berdasco Revilla, Carmelo"]
[Black "Sanz Bosc, Narciso"]
[Result "0-1"]
[WhiteElo "1634"]
[BlackElo "1741"]
[PlyCount "48"]
[EventDate "2009.11.22"]
[EventType "team-simul"]
[EventRounds "7"]
[EventCountry "ESP"]
[Source "lmi"]
[SourceDate "2009.11.22"]

1. e4 d5 2. exd5 Qxd5 3. Nc3 Qd6 4. d4 Nf6 5. Nf3 a6 6. Bc4 b5 7. Bb3 Bb7 8.
O-O e6 9. Re1 Be7 10. Bg5 O-O 11. Bxf6 Bxf6 12. Ne4 Bxe4 13. Rxe4 Rd8 14. c3
Nc6 15. h3 Rd7 16. Qe2 Na5 17. Bc2 c5 18. d5 Qxd5 19. Rd1 Qb7 20. Rxd7 Qxd7 21.
Ne5 Bxe5 22. Rxe5 Qd6 23. Qe3 Nc4 24. Qxc5 Qxe5 0-1

[Event "España tch ONCE 2009"]
[Site "Fuengirola ESP"]
[Date "2009.11.25"]
[Round "4.31"]
[White "Monmeneu Chulia, Vicente Juan"]
[Black "Moreno Campillo, Ricardo"]
[Result "1-0"]
[WhiteElo "1956"]
[BlackElo "1653"]
[PlyCount "45"]
[EventDate "2009.11.22"]
[EventType "team-simul"]
[EventRounds "7"]
[EventCountry "ESP"]
[Source "lmi"]
[SourceDate "2009.11.22"]

1. d4 d5 2. c4 c6 3. e3 Nf6 4. Nf3 e6 5. Nbd2 Nbd7 6. Bd3 Bd6 7. O-O e5 8. dxe5
Nxe5 9. Nxe5 Bxe5 10. Nf3 Bg4 11. h3 Bxf3 12. Qxf3 O-O 13. Rd1 d4 14. exd4 Bxd4
15. Be3 c5 16. Bxd4 cxd4 17. Qxb7 Rb8 18. Qxa7 Rxb2 19. Rab1 Rxb1 20. Bxb1 Re8
21. Kf1 g6 22. Qxd4 Qxd4 23. Rxd4 1-0

[Event "España tch ONCE 2009"]
[Site "Fuengirola ESP"]
[Date "2009.11.25"]
[Round "4.41"]
[White "Draghici Flutur, Gravril"]
[Black "Huerga Tirados, Angel"]
[Result "1/2-1/2"]
[WhiteElo "2193"]
[BlackElo "1938"]
[PlyCount "24"]
[EventDate "2009.11.22"]
[EventType "team-simul"]
[EventRounds "7"]
[EventCountry "ESP"]
[Source "lmi"]
[SourceDate "2009.11.22"]

1. e4 d5 2. exd5 Qxd5 3. Nc3 Qd6 4. d4 Nf6 5. Be3 Nc6 6. d5 Nb4 7. Nb5 Qe5 8.
Nf3 Qxb2 9. Nfd4 Nbxd5 10. Rb1 Qxa2 11. c4 Nxe3 12. fxe3 Qa5+ 1/2-1/2

[Event "España tch ONCE 2009"]
[Site "Fuengirola ESP"]
[Date "2009.11.25"]
[Round "4.42"]
[White "Garcia Magadan, Ramon"]
[Black "Olivera Gutierrez, Albert"]
[Result "1-0"]
[WhiteElo "2013"]
[BlackElo "2104"]
[PlyCount "31"]
[EventDate "2009.11.22"]
[EventType "team-simul"]
[EventRounds "7"]
[EventCountry "ESP"]
[Source "lmi"]
[SourceDate "2009.11.22"]

1. e4 c5 2. Nf3 Nf6 3. Nc3 d5 4. Bb5+ Bd7 5. Bxd7+ Qxd7 6. exd5 Nxd5 7. Nxd5
Qxd5 8. d4 cxd4 9. Qxd4 Qxd4 10. Nxd4 a6 11. Bf4 Nd7 12. O-O-O e6 13. Rhe1 g6
14. Bg5 Bg7 15. Nxe6 fxe6 16. Rxe6+ 1-0

[Event "España tch ONCE 2009"]
[Site "Fuengirola ESP"]
[Date "2009.11.25"]
[Round "4.43"]
[White "Ortiz Amenos, Jose Luis"]
[Black "Menendez Solar, Jose Carlos"]
[Result "1-0"]
[WhiteElo "2047"]
[BlackElo "1844"]
[PlyCount "34"]
[EventDate "2009.11.22"]
[EventType "team-simul"]
[EventRounds "7"]
[EventCountry "ESP"]
[Source "lmi"]
[SourceDate "2009.11.22"]

1. Nf3 f5 2. g3 Nf6 3. Bg2 d5 4. d4 e6 5. Nbd2 Bd6 6. c4 c6 7. b3 Nbd7 8. Bb2
O-O 9. O-O a5 10. Qc2 Ne4 11. Ne1 Qg5 12. Ndf3 Qh5 13. Nd3 g5 14. Nfe5 Kh8 15.
Rae1 Nxe5 16. dxe5 Be7 17. cxd5 f4 1-0

[Event "España tch ONCE 2009"]
[Site "Fuengirola ESP"]
[Date "2009.11.25"]
[Round "4.44"]
[White "Fernandez Rubio, Ulpiano"]
[Black "Ariste Justo, Jesus Angel"]
[Result "1/2-1/2"]
[WhiteElo "1761"]
[BlackElo "1882"]
[PlyCount "29"]
[EventDate "2009.11.22"]
[EventType "team-simul"]
[EventRounds "7"]
[EventCountry "ESP"]
[Source "lmi"]
[SourceDate "2009.11.22"]

1. d4 d5 2. Nf3 Nf6 3. Bf4 c6 4. e3 Bf5 5. Bd3 Bxd3 6. Qxd3 e6 7. Nbd2 Nbd7 8.
h3 h6 9. O-O Be7 10. c4 dxc4 11. Nxc4 O-O 12. Rfd1 Nb6 13. Rac1 Nfd5 14. Bh2
Nxc4 15. Qxc4 1/2-1/2

[Event "España tch ONCE 2009"]
[Site "Fuengirola ESP"]
[Date "2009.11.26"]
[Round "5.11"]
[White "Garcia Magadan, Ramon"]
[Black "Mejias Gonzalez, Javier"]
[Result "1-0"]
[WhiteElo "2013"]
[BlackElo "1952"]
[PlyCount "69"]
[EventDate "2009.11.22"]
[EventType "team-simul"]
[EventRounds "7"]
[EventCountry "ESP"]
[Source "lmi"]
[SourceDate "2009.11.22"]

1. e4 c5 2. Nf3 d6 3. d4 cxd4 4. Nxd4 Nf6 5. Nc3 g6 6. Be3 Bg7 7. f3 O-O 8. Qd2
Nc6 9. Bc4 Bd7 10. O-O-O Rb8 11. Bb3 Na5 12. h4 b5 13. Bh6 Nc4 14. Qg5 e5 15.
Nf5 Bxf5 16. exf5 Bxh6 17. Qxh6 Qb6 18. fxg6 hxg6 19. h5 Qe3+ 20. Qxe3 Nxe3 21.
Rxd6 Rb6 22. Rxb6 axb6 23. hxg6 b4 24. gxf7+ Kg7 25. Re1 bxc3 26. Rxe3 cxb2+
27. Kxb2 Nd7 28. Re4 Kf6 29. Rg4 Ke7 30. Rg8 Nc5 31. g4 b5 32. g5 Nxb3 33. Rxf8
Kxf8 34. cxb3 Kxf7 35. a4 1-0

[Event "España tch ONCE 2009"]
[Site "Fuengirola ESP"]
[Date "2009.11.26"]
[Round "5.12"]
[White "Garcia Cervigon, Cecilio"]
[Black "Menendez Solar, Jose Carlos"]
[Result "0-1"]
[WhiteElo "1861"]
[BlackElo "1844"]
[PlyCount "86"]
[EventDate "2009.11.22"]
[EventType "team-simul"]
[EventRounds "7"]
[EventCountry "ESP"]
[Source "lmi"]
[SourceDate "2009.11.22"]

1. d4 Nf6 2. c4 g6 3. Nc3 Bg7 4. e4 d6 5. f3 O-O 6. Be3 c6 7. Qd2 a6 8. a4 a5
9. Rd1 Na6 10. Nge2 Qc7 11. Nc1 Nb4 12. Nd3 Bd7 13. Be2 Rfd8 14. O-O e5 15.
dxe5 dxe5 16. b3 Be6 17. Na2 Nxd3 18. Bxd3 b5 19. Qf2 Rab8 20. Qc2 b4 21. Nc1
c5 22. Be2 Nh5 23. Nd3 Bf8 24. Qb2 Nf4 25. Nf2 f6 26. Bxf4 exf4 27. Qxf6 Qf7
28. Qxf7+ Kxf7 29. Nd3 g5 30. Ne5+ Kf6 31. Nd3 Rd7 32. Kf2 Rbd8 33. g3 fxg3+
34. hxg3 Rd4 35. Rh1 h6 36. Rhe1 Bd6 37. Bf1 Be5 38. Be2 Bd6 39. Bf1 Be5 40.
Re3 Rc8 41. Ree1 Rcd8 42. Ke3 Bxg3 43. Rb1 Bxe1 0-1

[Event "España tch ONCE 2009"]
[Site "Fuengirola ESP"]
[Date "2009.11.26"]
[Round "5.13"]
[White "Gutierrez Garcia, Julio"]
[Black "Rincon Martin, Santiago"]
[Result "1-0"]
[WhiteElo "1649"]
[BlackElo "1749"]
[PlyCount "77"]
[EventDate "2009.11.22"]
[EventType "team-simul"]
[EventRounds "7"]
[EventCountry "ESP"]
[Source "lmi"]
[SourceDate "2009.11.22"]

1. d4 Nf6 2. c4 g6 3. Nc3 d5 4. cxd5 Nxd5 5. e4 Nxc3 6. bxc3 Bg7 7. Be3 O-O 8.
Rc1 b6 9. Be2 Bb7 10. Bf3 Nd7 11. Ne2 e5 12. Ng3 Ba6 13. Be2 Bxe2 14. Qxe2 Qe7
15. f4 exf4 16. Bxf4 c6 17. e5 Qh4 18. Qf2 Bh6 19. Bxh6 Qxh6 20. O-O Qh4 21.
Qd2 Rad8 22. Rce1 Nc5 23. Qe3 Ne6 24. Ne4 Kg7 25. Rf3 Qh6 26. Qf2 g5 27. Rf6
Qh5 28. Ng3 Qg4 29. Nf5+ Kh8 30. Nh6 Qh5 31. Nxf7+ Rxf7 32. Rxf7 Nf4 33. Rxf4
gxf4 34. Qxf4 Kg8 35. Rf1 Qg6 36. Rf3 Qb1+ 37. Kf2 Qxa2+ 38. Ke3 Qe6 39. Qg5+
1-0

[Event "España tch ONCE 2009"]
[Site "Fuengirola ESP"]
[Date "2009.11.26"]
[Round "5.14"]
[White "Llaneras Henarejos, Miguel"]
[Black "Fernandez Rubio, Ulpiano"]
[Result "1/2-1/2"]
[WhiteElo "1696"]
[BlackElo "1761"]
[PlyCount "47"]
[EventDate "2009.11.22"]
[EventType "team-simul"]
[EventRounds "7"]
[EventCountry "ESP"]
[Source "lmi"]
[SourceDate "2009.11.22"]

1. d4 f5 2. c4 e6 3. Nc3 Nf6 4. g3 c6 5. Bg2 d5 6. cxd5 exd5 7. Nh3 Be7 8. O-O
O-O 9. f3 Na6 10. Nf2 Be6 11. e4 dxe4 12. fxe4 fxe4 13. Nfxe4 Nxe4 14. Rxf8+
Qxf8 15. Bxe4 Nc7 16. Qh5 g6 17. Qe2 Bf6 18. Be3 Qd6 19. Rd1 Nd5 20. Nxd5 Bxd5
21. Bf4 Qd7 22. Be5 Rf8 23. Rf1 Bg7 24. Rxf8+ 1/2-1/2

[Event "España tch ONCE 2009"]
[Site "Fuengirola ESP"]
[Date "2009.11.26"]
[Round "5.21"]
[White "Moreno Campillo, Ricardo"]
[Black "Draghici Flutur, Gravril"]
[Result "1/2-1/2"]
[WhiteElo "1653"]
[BlackElo "2193"]
[PlyCount "73"]
[EventDate "2009.11.22"]
[EventType "team-simul"]
[EventRounds "7"]
[EventCountry "ESP"]
[Source "lmi"]
[SourceDate "2009.11.22"]

1. d4 d5 2. Nf3 Nf6 3. Bf4 c5 4. e3 Nc6 5. c3 Qb6 6. Qb3 c4 7. Qc2 Bf5 8. Qc1
e6 9. Be2 Be7 10. O-O Qd8 11. h3 b5 12. a3 a5 13. Nbd2 O-O 14. Re1 Qb6 15. Ne5
Nxe5 16. Bxe5 Nd7 17. Bh2 f6 18. Bf3 Bd6 19. e4 Bxh2+ 20. Kxh2 Qd6+ 21. Kg1 Bg6
22. Nf1 Rae8 23. Ng3 e5 24. exd5 exd4 25. cxd4 Nb6 26. Qd2 Nxd5 27. Qxa5 Nc7
28. d5 Ra8 29. Qd2 Bd3 30. Ne4 Qb6 31. Nc3 Rad8 32. Re7 Qc5 33. Qe3 Qd6 34. Re1
Rfe8 35. Rxe8+ Rxe8 36. Qd2 Rd8 37. Re3 1/2-1/2